000
00388 a2200109 4500
005
20260327125802.0
100
_a
Bhende S.
_9
217320
245
_a
आधुनिक महाराष्ट्राची जडणघडण शिल्पकार चरित्रकोश खंड : २
250
_a
1st
260
_b
Saptahik Vivek Hindusthan Prakashan Samstha
_c
2009
942
_c
AR
999
_c
370783
_d
370783